| 000 | 00777nam a2200241 a 4500 | ||
|---|---|---|---|
| 001 | 25066 | ||
| 003 | CO-ViMGA | ||
| 008 | 141112s2004 ck r 000 u spa d | ||
| 015 | _ack - 2012 - xxxx | ||
| 020 | _a9789588756172 | ||
| 040 |
_aCO-ViMGA _bspa _cCO-ViMGA |
||
| 090 | _aMORf | ||
| 100 | 1 |
_aMorán, José _938172 |
|
| 245 | 1 | 0 |
_aLa foca y la autoestima / _cJosé Morán, Ulises Wensell |
| 260 |
_aBogotá : _bPanAméricana, _cc2012 |
||
| 300 | _a[22] p. : il. col. ; 27 cm | ||
| 490 | _aValores | ||
| 650 | 1 | 4 |
_aCuentos infantiles españoles - Siglo XXI _938173 |
| 700 | 1 |
_aWensell, Ulises _938174 |
|
| 917 | _a2013 - 2613 2 ejemplares | ||
| 942 |
_2ddc _cBK |
||
| 990 | _a2013 - 2613 PanAméricana Editorial 2 ejemplares 21 16/04/2013 a838160 07/03/2013 28/02/2013 | ||
| 999 |
_c32702 _d32702 |
||